| 000 | 00756nam a22002057a 4500 | ||
|---|---|---|---|
| 003 | BD-DhUL | ||
| 005 | 20190421113424.0 | ||
| 008 | 190421s2019 xxu||||| |||| 00| 0 eng d | ||
| 020 | _a9789849344902 | ||
| 040 |
_aBD-DhUL _cBD-DhUL |
||
| 082 |
_a954.92 _bAMP |
||
| 100 | 0 | _aআমিন, ইফতেখার | |
| 245 | 1 |
_aপ্রতক্ষ্যদর্শীদের বয়ানে একাত্তরের গণহত্যা / _c ইফতেখার আমিন |
|
| 260 |
_aঢাকা : _bশব্দশৈলী, _c2019. |
||
| 300 |
_a২৬৪ পৃ. ; _c২২ সেমি. |
||
| 365 |
_aBDT _b500.00 |
||
| 651 | 0 |
_aবাংলাদেশ - _xইতিহাস |
|
| 651 | 0 |
_aBangladesh _xHistory |
|
| 942 |
_2ddc _cBK |
||
| 999 |
_c247756 _d247756 |
||